Normal view
MARC view
- جارسيا، فدريكو
Entry Personal Name
001 - CONTROL NUMBER
- control field: 7585
003 - CONTROL NUMBER IDENTIFIER
- control field: JO-AjAnu
005 - DATE AND TIME OF LATEST TRANSACTION
- control field: 20230606071527.0
008 - FIXED-LENGTH DATA ELEMENTS
- fixed length control field: 230606|| aca||aabn | a|a d
040 ## - CATALOGING SOURCE
- Original cataloging agency: JO-AjAnu
- Transcribing agency: JO-AjAnu
100 ## - HEADING--PERSONAL NAME
- Personal name: جارسيا، فدريكو
670 ## - SOURCE DATA FOUND
- Source citation: Work cat.: (JO-AjAnu)3923: جارسيا، فدريكو, author, ثلاث تراجيديات: عرس الدم - يرما - بيت برنادا ألبا